000 00585nam a22001817a 4500
005 20251108165239.0
008 250721s1992 xx 000 0 ara d
082 1 4 _a551.45/فؤا
100 1 _aسليمان، فؤاد حنا
245 1 0 _aحصر و تصنيف الأراضي الصحراوية /
264 1 _aالقاهره :
_bجامعة القاهره - التعليم المفتوح،
_c1992.
300 _a192ص
650 1 7 _aالصحارى
650 1 7 _aالجغرافيا الطبيعية
700 1 _aصادق، شوقي أحمد
942 _2ddc
_cBK
999 _c23164
_d23164